Satellite Communications Systems Engineering (Record no. 1246)
[ view plain ]
| 000 -LEADER | |
|---|---|
| Fixed length control field | 00549nam a22001937a 4500 |
| 003 - CONTROL NUMBER IDENTIFIER | |
| Control field | SEACOMMC |
| 005 - DATE AND TIME OF LATEST TRANSACTION | |
| Control field | 20251028115627.0 |
| 008 - FIXED-LENGTH DATA ELEMENTS--GENERAL INFORMATION | |
| Fixed length control field | 251028b |||||||| |||| 00| 0 eng d |
| 020 ## - INTERNATIONAL STANDARD BOOK NUMBER / ISBN | |
| International Standard Book Number | 978-8131702420 |
| 040 ## - CATALOGING SOURCE | |
| Original cataloging agency | SEACOMMC |
| 082 ## - DEWEY DECIMAL CLASSIFICATION NUMBER | |
| Classification number | 621.382 |
| Book Number | P961 |
| 100 ## - MAIN ENTRY--PERSONAL NAME | |
| Personal name | Pritchard, Wilbur L. |
| 245 ## - TITLE STATEMENT | |
| Title | Satellite Communications Systems Engineering |
| Statement of responsibility | Wilbur L. Pritchard, henri G. Suyderhand, Robert A Nelson |
| 250 ## - EDITION STATEMENT | |
| Edition statement | 2nd ed. |
| 260 ## - IMPRINT | |
| Place of publication | Delhi |
| Name of publisher | Pearson |
| Date of publication | 2011 |
| 700 ## - ADDED ENTRY--PERSONAL NAME | |
| Personal name | henri G. Suyderhand |
| 700 ## - ADDED ENTRY--PERSONAL NAME | |
| Personal name | Robert A Nelson |
| 942 ## - ADDED ENTRY ELEMENTS (KOHA) | |
| Koha item type | Gifted/Donated Books |
| Withdrawn status | Lost status | Source of classification | Damaged status | Not for loan | Home library | Current library | Date acquired | Total Checkouts | Call number | Accession number | Date last seen | Price effective from | Koha item type |
|---|---|---|---|---|---|---|---|---|---|---|---|---|---|
| Dewey Decimal Classification | SEACOM MANAGEMENT COLLEGE | SEACOM MANAGEMENT COLLEGE | 28/10/2025 | 621.382 P961 | G17 | 28/10/2025 | 28/10/2025 | Gifted/Donated Books |
